Koreana (Record no. 163881)
[ view plain ]
| 000 -LEADER | |
|---|---|
| fixed length control field | 00542nam a22002177a 4500 |
| 001 - CONTROL NUMBER | |
| control field | 11157995 |
| 003 - CONTROL NUMBER IDENTIFIER | |
| control field | dpl |
| 005 - DATE AND TIME OF LATEST TRANSACTION | |
| control field | 20190503101524.0 |
| 008 - FIXED-LENGTH DATA ELEMENTS--GENERAL INFORMATION | |
| fixed length control field | 190503b ||||| |||| 00| 0 eng d |
| 022 0# - INTERNATIONAL STANDARD SERIAL NUMBER | |
| International Standard Serial Number | 1016-0744 |
| 040 ## - CATALOGING SOURCE | |
| Original cataloging agency | dpl |
| 082 04 - DEWEY DECIMAL CLASSIFICATION NUMBER | |
| Classification number | 951.9005 |
| 245 00 - TITLE STATEMENT | |
| Title | Koreana |
| 260 ## - PUBLICATION, DISTRIBUTION, ETC. (IMPRINT) | |
| Place of publication, distribution, etc | Seoul : |
| Name of publisher, distributor, etc | Korea Foundation |
| 300 ## - PHYSICAL DESCRIPTION | |
| Extent | volumes : |
| Other physical details | illustrations, portraits ; |
| Dimensions | 28 cm |
| 310 ## - CURRENT PUBLICATION FREQUENCY | |
| Current publication frequency | Quarterly |
| 651 #0 - SUBJECT ADDED ENTRY--GEOGRAPHIC NAME | |
| Geographic name | Korea |
| Form subdivision | Periodicals. |
| 906 ## - LOCAL DATA ELEMENT F, LDF (RLIN) | |
| c | serials |
| 942 ## - ADDED ENTRY ELEMENTS (KOHA) | |
| Source of classification or shelving scheme | Dewey Decimal Classification |
| Item type | Periodicals |
| Classification part | 951.9005 |
| Call number suffix | KOR |
| Serial record | 1 |
| Withdrawn status | Lost status | Source of classification or shelving scheme | Damaged status | Not for loan | Collection code | Home library | Current library | Date acquired | Total Checkouts | Full call number | Date last seen | Price effective from | Koha item type |
|---|---|---|---|---|---|---|---|---|---|---|---|---|---|
| Dewey Decimal Classification | Not For Loan | Non-fiction | D.B.Act.Division | D.B.Act.Division | 03/05/2019 | 951.9005 KOR | 03/05/2019 | 03/05/2019 | Periodicals |
